000 00554nam a22001937a 4500
003 MPLRDC
005 20220104202740.0
008 210129b ||||| |||| 00| 0 eng d
020 _a978-986-92327-5-3
082 _a428.3 LCC
100 _a莲村诚 MAKOTO HASUMURA
245 _a医学博士爸爸的宝宝超健康食育书
_c许郁文 译
250 _a初版一刷
260 _a台湾
_b世茂出版有限公司
_c2015
300 _b
520 _a新书上架 2018-02-02。
650 _a育儿--喂乳,饮食
942 _cBK
_o428.3 LCC
999 _c67800
_d67790